书目信息 |
| 题名: |
汉金文辑校
|
|
| 作者: | 牟华林 , 钟桂玲 著 | |
| 分册: | ||
| 出版信息: | 北京 光明日报出版社 2017 |
|
| 页数: | 306页 | |
| 开本: | 24cm | |
| 丛书名: | ||
| 单 册: | ||
| 中图分类: | K877.34 | |
| 科图分类: | ||
| 主题词: | 金文--研究--中国--汉代 | |
| 电子资源: | ||
| ISBN: | 978-7-5194-2373-5 | |
| 000 | 00814nam0 2200241 450 | |
| 001 | 012001003710 | |
| 005 | 20140926114739.0 | |
| 010 | @a978-7-5194-2373-5@b精装@dCNY78.00 | |
| 100 | @a20170215d2017 em y0chiy50 ea | |
| 101 | 0 | @achi |
| 102 | @aCN@b110000 | |
| 105 | @ay z 000yy | |
| 106 | @ar | |
| 200 | 1 | @a汉金文辑校@9han jin wen ji jiao@f牟华林,钟桂玲著 |
| 210 | @a北京@c光明日报出版社@d2017 | |
| 215 | @a306页@d24cm | |
| 330 | @a本书以现代学者所辑为基础,增入2006年以来各类文物考古杂志所收汉代金文,补入部分古代学者的汉代金文研究成果,通过系统整理编纂视域所及之汉代金文。 | |
| 606 | 0 | @a金文@x研究@y中国@z汉代 |
| 690 | @aK877.34@v5 | |
| 701 | 0 | @a牟华林@9mu hua lin@4著 |
| 701 | 0 | @a钟桂玲@9zhong gui ling@c(女,@f1990-)@4著 |
| 801 | 0 | @aCN@b上海新华@c20180901 |
| 905 | @b1154743-7@dK877.34@e391@f5 | |
| 汉金文辑校/牟华林,钟桂玲著.-北京:光明日报出版社,2017 |
| 306页;24cm |
| ISBN 978-7-5194-2373-5(精装):CNY78.00 |
| 本书以现代学者所辑为基础,增入2006年以来各类文物考古杂志所收汉代金文,补入部分古代学者的汉代金文研究成果,通过系统整理编纂视域所及之汉代金文。 |
| ● |
| 相关链接 |
|
|
|
|
正题名:汉金文辑校
索取号:K877.34/391
 
预约/预借
| 序号 | 登录号 | 条形码 | 馆藏地/架位号 | 状态 | 备注 |
| 1 | 1154743 | 211547432 | 第二样本阅览室/ [索取号:K877.34/391] | 在馆 | |
| 2 | 1154744 | 211547441 | 第二借阅区/ [索取号:K877.34/391] | 在馆 | |
| 3 | 1154745 | 211547450 | 第二借阅区/ [索取号:K877.34/391] | 在馆 | |
| 4 | 1154746 | 211547469 | 密集书库-史法系/ [索取号:K877.34/391] | 在馆 | |
| 5 | 1154747 | 211547478 | 第二借阅区/ [索取号:K877.34/391] | 在馆 |